000 00315nam a22001457a 4500
008 210310b ||||| |||| 00| 0 eng d
020 _a9780340807941
041 _aeng
080 _a61
082 _a61
100 _a4
101 _aSHM
245 _aTextbook of Pleural Diseases
_cLight,R.W
942 _2udc
_cBK
999 _c56197
_d56197